| 000 | 01189nmm a2200361 a 4500 | ||
|---|---|---|---|
| 001 | ocm0001132584 | ||
| 003 | TR-IsHL | ||
| 005 | 20201028152218.0 | ||
| 008 | 150709s2014 tu tur | ||
| 007 | cr cn | ||
| 020 | _a9786059917056 | ||
| 035 |
_a1132584 _b(N$T) |
||
| 050 | 0 | 4 |
_aHT119 _b.G45 2014 |
| 090 | 0 | 4 |
_aHT119 _b.G45 2014 |
| 245 | 1 | 0 |
_aGeleceğin şehri: sempozyum bildirileri _h[electronic resource] / _ceditör Hasan Taşçı, Hüseyin Yeşil |
| 260 |
_aİstanbul : _bEsenler Belediyesi Şehir Düşünce Merkezi Şehir Yayınları, _c2014 |
||
| 300 | _a342 p. | ||
| 500 |
_aKaynakça. _x |
||
| 650 | 4 | _aMimarlık ve Tasarım | |
| 650 | 4 | _aArchitecture and Design | |
| 650 | 0 | _aModern Cities | |
| 650 | 0 | _aCities and Towns | |
| 650 | 0 | _aUrbanization | |
| 650 | 0 |
_aCities and Towns _xGrowth |
|
| 650 | 0 | _aModern Şehirler | |
| 650 | 0 | _aKentler ve Kasabalar | |
| 650 | 0 | _aKentleşme | |
| 650 | 0 |
_aKentler ve Kasabalar _xBüyüme |
|
| 650 | 7 |
_aSOCIAL SCIENCE / Archaeology _2bisacsh |
|
| 700 | 1 | _aTaşçı, Hasan | |
| 700 | 1 | _aYeşil, Hüseyin | |
| 856 | 4 | 0 | _uhttp://search.ebscohost.com/login.aspx?direct=true&scope=site&db=e011xww&AN=1132584 |
| 999 |
_c11411 _d11411 |
||